Asian Tribune; Hallstavik

Detalles Bibliográficos
Formato: Revista
Lenguaje:inglés
Publicado: Hallstavik, Sweden : HT Media Ltd., 2002-
Materias:
Acceso en línea:http://www.vlex.com/source/7298

MARC

LEADER 00000nas a22000007a 4500
005 20130322145246.0
007 cr|||| ||||
008 130322c20029999sw dr|p s|||| 0|||a1eng d
035 |a 7298 
040 |a vLex 
090 |c 4001  |d 4001 
245 0 0 |a Asian Tribune; Hallstavik  |h [Recurso electrn̤ico] 
256 |a Servicio en ln̕ea 
260 |a Hallstavik, Sweden :  |b HT Media Ltd.,   |c 2002- 
300 |a 1 Recurso electrn̤ico 
506 |d vLex Global  |d vLex Global (Academic Edition, excluding Law Schools)  |d vLex Global (U.S. Academic Edition, Law Schools)  |d vLex Global (U.S. Academic Edition, excluding Law Schools)  |d vLex Global (Academic Edition, Law Schools) 
650 0 4 |a Informacin̤ general   |v Revistas  |z Asia 
740 |a vlex Revistas (Servicio en ln̕ea) 
856 |a Acceso restringido  |u http://www.vlex.com/source/7298 
942 |c REV 
999 0 |a News